PeopleSoft PeopleTools data management and upgrade handbook / (Record no. 75892)

MARC details
000 -LEADER
fixed length control field 00901nam a22002657a 4500
005 - DATE AND TIME OF LATEST TRANSACTION
control field 20130524111009.0
010 ## - LCCN (DPL NO)
LC control number ENG-107252
020 ## - INTERNATIONAL STANDARD BOOK NUMBER
International Standard Book Number 9781259064678
Terms of availability 550.00
020 ## - INTERNATIONAL STANDARD BOOK NUMBER
International Standard Book Number 1259064670
Terms of availability 550.00
035 ## - SYSTEM CONTROL NUMBER
System control number EN-90785
037 ## - SOURCE OF ACQUISITION
Source of stock number/acquisition DBAD/PUB
082 ## - DEWEY DECIMAL CLASSIFICATION NUMBER
Classification number 005.74
100 ## - MAIN ENTRY--PERSONAL NAME
Personal name Dean, Paula
245 ## - TITLE STATEMENT
Title PeopleSoft PeopleTools data management and upgrade handbook /
Statement of responsibility, etc by Paula Dean [and] Jim J. Marion
260 ## - PUBLICATION, DISTRIBUTION, ETC. (IMPRINT)
Place of publication, distribution, etc New Delhi
Name of publisher, distributor, etc Tata McGraw Hill
Date of publication, distribution, etc 2013
270 ## - ADDRESS
Address P-24, Green Park Park, Extention
City New Delhi
Postal code 110095
300 ## - PHYSICAL DESCRIPTION
Extent xix, 328p.:
Other physical details ill.
Dimensions 24cm(pbk)
500 ## - GENERAL NOTE
General note Includes bibliographical references and index.
650 ## - SUBJECT ADDED ENTRY--TOPICAL TERM
Topical term or geographic name as entry element PeopleSoft software.
650 ## - SUBJECT ADDED ENTRY--TOPICAL TERM
Topical term or geographic name as entry element Database management.
650 ## - SUBJECT ADDED ENTRY--TOPICAL TERM
Topical term or geographic name as entry element Computer software .
General subdivision Development
650 ## - SUBJECT ADDED ENTRY--TOPICAL TERM
Topical term or geographic name as entry element Business enterprises
General subdivision Computer networks.
700 ## - ADDED ENTRY--PERSONAL NAME
Personal name Marion, Jim J.
942 ## - ADDED ENTRY ELEMENTS (KOHA)
Source of classification or shelving scheme Dewey Decimal Classification
Item type English Books
Classification part 005.74
Call number suffix DEA
Holdings
Withdrawn status Lost status Not for loan Collection code Home library Current library Date acquired Source of acquisition Cost, normal purchase price Full call number Barcode Copy number Cost, replacement price Koha item type
    Not For Loan Non-fiction D.B.Act.Division D.B.Act.Division 22/05/2013 DBAD/PUB 550.00 005.74 DEA EN-90785 1 550.00 English Books

© Delhi Public Library
Hit Counter
free hit counter